000 01844nam0a2200505 4500
001 RU\NLR\bibl\1825080
005 20250616162345.0
010 _a978-5-8948-1894-8
_92000
021 _aRU
_b2011-75817
_95390
035 _a(nilc)LIBNET\0000169573
035 _a2VIL\RUSMED\0000195467
035 _a(NLR Aleph) 001815611
090 _a1933509
_c1933509
100 _a20110928d2011 |||y0rusy50 ca
101 0 _arus
102 _aRU
105 _aa z |||||
200 1 _aНеотложная урология
_eруководство для врачей
_fЛ. Е. Белый
210 _aМосква
_cМИА
_d2011
215 _a467, [1] с.
_cил.
_d20
320 _aБиблиогр. в конце кн. (569 назв.)
541 0 _aUrgent urology
_emanual for physicians
606 1 _aНЕОТЛОЖНЫЕ СОСТОЯНИЯ
_jруководства
_2rus_mesh
_3R4741
606 1 _aEMERGENCIES
_2rus_mesh
_3E4741
606 1 _aУРОЛОГИЧЕСКИЕ БОЛЕЗНИ
_jруководства
_2rus_mesh
_3R14787
606 1 _aUROLOGIC DISEASES
_2rus_mesh
_3E14787
606 1 _aНеотложная урология
_jРуководства, пособия и т.п.
_91705512
_3RU\NLR\auth\66759592
686 _a76.29.43
_2rugasnti
686 _a76.75.75
_2rugasnti
686 _a76.01.33
_2rugasnti
686 _aC23.550.291.781
_v2011
_2MESH
686 _aN06.230.100.083
_v2011
_2MESH
686 _aN06.850.376
_v2011
_2MESH
686 _aC12.777
_v2011
_2MESH
686 _aC13.351.968
_v2011
_2MESH
686 _aР69,3я77
700 1 _aБелый
_bЛ. Е.
_gЛев Евгеньевич
_4070
801 0 _aRU
_bЦНМБ
_c20110928
_gPSBO
801 1 _aRU
_bЦНМБ
_c20110928
801 2 _aRU
_bЦНМБ
_c20111013
801 2 _aRU
_bNLR
_c20111026
_grcr
942 _cBOOK
980 _aNB
980 _aNBR